000 00674nam a2200193Ia 4500
008 090124s9999 xx 000 0 und d
082 _b117244
100 _aठाकूर जर्नादन
245 _a इंदिरा गांधींचे साथीदार
250 _a1
260 _c1978
300 _a232
600 _aठाकूर जर्नादन
630 _a इंदिरा गांधींचे साथीदार
700 _aठाकूर जर्नादन
700 _aवाळिंबे वि.स.
730 _a इंदिरा गांधींचे साथीदार
942 _cBOOK
999 _c163330
_d163330